000 01224cam a2200205 4500
001 WB3915-18
008 030414n2003 000 0 eng u
035 _a(Sirsi) u121981
245 _aSatellite dish regulation review
260 _c2003
490 _aODPM News Release
_v(2003/0067) 7 April 2003 (2)
520 _aA public consultation has been launched to review planning regulations concerning satellite dishes and antennae (not including mobile phone antennae). It presents five options, ranging from no change to full deregulation. It looks at restrictions currently imposed under the Town and Country Planning (General Permitted Development) Order 1995 such as limits on the number of dishes, their size and location. The proposals only relate to England. The consultation closes on 4 July 2003. It is available at http://www.planning.odpm.gov.uk/consult/satothan/index.htm http://www.odpm.gov.uk/pns/DisplayPN.cgi?pn_id=2003_0067
590 _aWB
650 _aSATELLITE DISHES
650 _aSATELLITE ANTENNAS
650 _aTOWN AND COUNTRY PLANNING (GENERAL PERMITTED DEVELOPMENT) ORDER 1995
650 _aENGLAND
690 _aENVIRONMENTAL AND LAND CONSULTANCY-PLANNING AND DEVELOPMENT
942 _n0
999 _c72490
_d72490